000 00570nam a2200193Ia 4500
005 20250508165114.0
008 008 250505s9999 xx 000 0 eng d
037 _aDissertations
040 _aFEDL
_beng
_cFEDL
041 _aeng
_2eng
084 _a371.2, SEH/DI
_qFEDL
100 _aSehrawat Ramesh
_9779900
245 0 _aStudy of conflict between rights and duties of a MCD school teacher
260 _c2011
300 _a103p.
546 _aM. Ed. Dissertation, (Delhi University)
942 _cDIS
_h371.2, SEH/DI
999 _c1393199
_d1393199